000 00506nam a2200181Ia 4500
999 _c28856
_d28856
003 OSt
005 20201130130201.0
008 190216s9999||||xx |||||||||||||| ||und||
020 _a9788188801480
040 _coclc
082 _a894.8123
_bRAM/A
100 _aRaman, T
_97040
245 0 _aAnubhavangalude Theechoolayil /
_cT Raman
260 _bLipi Publications,
_aKozhikode:
_c2006.
300 _a192p
650 _aNovel
942 _cBK
_2ddc
_h894.8123
_iRAM/A
_k894.8123
_mRAM/A